|
|
|
|
| LEADER |
00000nam0a2200000 4500 |
| 001 |
371394 |
| 005 |
20231102012356.0 |
| 035 |
|
|
|a (RuTPU)RU\TPU\retro\28804
|
| 090 |
|
|
|a 371394
|
| 100 |
|
|
|a 20221017d1978 m y0rusy50 ca
|
| 101 |
0 |
|
|a rus
|
| 102 |
|
|
|a RU
|
| 105 |
|
|
|a a j 001zy
|
| 200 |
1 |
|
|a Адаптивные и оптимальные САУ. Вопросы идентификации и адаптации
|e учебное пособие
|f Н. И. Соколов
|g Московский авиационный институт
|
| 210 |
|
|
|a Москва
|c [Б. и.]
|d 1978
|
| 215 |
|
|
|a 50 с.
|c ил.
|
| 320 |
|
|
|a Библиогр.: с. 49
|
| 606 |
1 |
|
|a Адаптивные системы
|2 stltpush
|3 (RuTPU)RU\TPU\subj\1514
|9 30286
|
| 606 |
1 |
|
|a Автоматические системы управления
|x Оптимальные
|2 stltpush
|3 (RuTPU)RU\TPU\subj\892
|9 29698
|
| 610 |
1 |
|
|a адаптивные системы управления
|
| 610 |
1 |
|
|a математические модели
|
| 610 |
1 |
|
|a идентификация
|
| 610 |
1 |
|
|a быстродействующие беспоисковые системы
|
| 610 |
1 |
|
|a медленнодействующие беспоисковые системы
|
| 610 |
1 |
|
|a учебные пособия
|
| 675 |
|
|
|a 681.513.6(075.8)
|v 4
|
| 675 |
|
|
|a 681.513.5(075.8)
|v 4
|
| 700 |
|
1 |
|a Соколов
|b Н. И.
|g Николай Иванович
|
| 712 |
0 |
2 |
|a Московский авиационный институт
|c (1930- )
|2 stltpush
|3 (RuTPU)RU\TPU\col\3642
|9 23867
|
| 801 |
|
1 |
|a RU
|b 63413507
|c 20221017
|
| 942 |
|
|
|c BK
|